Juego de Tronos
Gorde:
| Egile nagusia: | |
|---|---|
| Formatua: | Liburua |
| Hizkuntza: | gaztelania |
| Argitaratua: |
Santiago
Random House Mondadori
2011
|
| Edizioa: | 1a. ed |
| Saila: | Canción de Hielo y Fuego, 1
|
| Gaiak: | |
| Etiketak: |
Etiketa erantsi
Etiketarik gabe, Izan zaitez lehena erregistro honi etiketa jartzen!
|
MARC
| LEADER | 00000cam a2200000 a 4500 | ||
|---|---|---|---|
| 001 | UCF0144 | ||
| 003 | CL-VaPUC | ||
| 008 | 120427e20111200CL |||||||||||||||||spa|d | ||
| 020 | |a 9789568352691 | ||
| 082 | 0 | 4 | |a 813 |b MAR |2 21 |
| 100 | |a Martin, George R. R. |e autor |9 602407 | ||
| 245 | 1 | 0 | |a Juego de Tronos |
| 250 | |a 1a. ed | ||
| 300 | |a 795 p | ||
| 942 | |c BK | ||
| 945 | |d 20120427 00:00:00 |a dcastane | ||
| 260 | |a Santiago |b Random House Mondadori |c 2011 | ||
| 650 | 0 | |a Novelas estadounidenses |9 265217 | |
| 650 | 0 | |a Literatura estadounidense |9 317168 | |
| 650 | 0 | |a Literatura fantástica |9 266050 | |
| 583 | |a last modification |c 20120427 10:27:00 |k Rodrigo Vera | ||
| 490 | 0 | |a Canción de Hielo y Fuego, 1 | |
| 999 | |c 347625 |d 347623 | ||
| 952 | |0 0 |1 0 |4 0 |6 813_000000000000000_MAR_2011 |7 0 |8 A |9 449090 |a BIBING |b BIBING |d 2019-11-22 |i 4860373 |l 5 |m 2 |o 813 MAR 2011 |p 4860373 |r 2025-05-05 |s 2025-04-10 |w 2019-11-22 |y BK |k CUI | ||